[Event "ESP-ch U14 rapid"]
[Site "Salobrena"]
[Date "2023.07.23"]
[Round "5"]
[White "Mares, Mario Gabriel"]
[Black "Martinez Sanz, Pablo"]
[Result "1/2-1/2"]
[WhiteElo "1665"]
[BlackElo "1391"]
[PlyCount "69"]
[EventDate "2023.07.22"]
[EventType "swiss (rapid)"]
[EventRounds "9"]
[EventCountry "ESP"]
[SourceTitle "EXT 2024"]
[Source "ChessBase"]
[SourceDate "2023.10.10"]
[SourceVersion "1"]
[SourceVersionDate "2023.10.10"]
[SourceQuality "1"]

1. e4 c5 2. Nf3 d6 3. d4 cxd4 4. Nxd4 Nf6 5. Nc3 a6 6. Bd3 g6 7. 0-0 Bg7 8. Nde2 0-0 9. h3 e6 10. Be3 Qc7 11. Qd2 Nbd7 12. Bh6 b5 13. Bxg7 Kxg7 14. a3 Bb7 15. f4 Nc5 16. Ng3 d5 17. e5 Nfe4 18. Bxe4 Nxe4 19. Ncxe4 dxe4 20. Rae1 Rfd8 21. Qc1 Rac8 22. c3 Qc4 23. f5 exf5 24. Rxf5 Qe6 25. Rf4 Qxe5 26. Nxe4 Re8 27. Ref1 Bxe4 28. Rxf7+ Kg8 29. Qh6 Qh8 30. R1f6 Bd5 31. Ra7 Qxf6 32. Qxh7+ Kf8 33. Qh6+ Kg8 34. Qh7+ Kf8 35. Qh6+ 1/2-1/2

[Event "ESP-ch U12"]
[Site "Salobrena"]
[Date "2021.07.06"]
[Round "3"]
[White "Martinez Sanz, Pablo"]
[Black "Martin Cabeza, Nicolas"]
[Result "0-1"]
[WhiteElo "1200"]
[BlackElo "1436"]
[PlyCount "60"]
[EventDate "2021.07.05"]
[EventType "swiss"]
[EventRounds "9"]
[EventCountry "ESP"]
[SourceTitle "EXT 2022"]
[Source "ChessBase"]
[SourceDate "2021.10.06"]
[SourceVersion "1"]
[SourceVersionDate "2021.10.06"]
[SourceQuality "1"]

1. e4 c5 2. Nc3 d6 3. Bc4 e6 4. f4 Nc6 5. Nf3 Nf6 6. 0-0 Be7 7. d3 0-0 8. Qe1 Re8 9. e5 dxe5 10. fxe5 Nd5 11. Ne4 Ndb4 12. Qf2 Rf8 13. a3 Nd5 14. Nxc5 Qc7 15. Re1 Nxe5 16. Rxe5 Bxc5 17. d4 Bd6 18. Rxd5 exd5 19. Bxd5 Be6 20. Be4 Be7 21. Nh4 Bxh4 22. Qxh4 f5 23. Bd3 Rae8 24. g4 Qf7 25. g5 Bc4 26. Bf4 Bxd3 27. cxd3 Re2 28. Rb1 Qd5 29. Qg3 Rc8 30. Be5 Rcc2 0-1